[Event "NOR-ch Elite 2017"]
[Site "Stavanger"]
[Date "2017.07.07"]
[Round "8"]
[White "Urkedal, Frode"]
[Black "Agdestein, Simen"]
[Result "1/2-1/2"]
[WhiteElo "2543"]
[BlackElo "2604"]
[Annotator "TA"]
[PlyCount "141"]
[EventDate "2017.??.??"]
[EventType "swiss"]
[EventCountry "NOR"]
[SourceTitle "playchess.com"]
[Source "ChessBase"]
[SourceQuality "1"]

{[%evp 22,141,0,0,38,46,46,34,29,39,37,36,32,43,39,20,37,33,33,18,29,25,18,15,41,30,59,63,62,57,64,64,68,16,31,0,13,-60,-63,-91,-18,-78,-12,-22,-10,-47,66,42,44,23,40,30,20,-221,-215,-222,-218,-218,-201,-235,-234,-207,-222,-207,-204,-218,-214,-223,-223,-284,-272,-282,-282,-279,-279,-268,-287,-327,-306,-318,-311,-457,-435,-561,-220,-219,-59,-59,-59,-59,-59,-59,-59,-126,-8,-8,-8,-8,-8,-8,-8,-8,-8,-8,-8,-8,0,-8,-8,-8,-8,-8,-8,-8,-8,-8,-8,-8,-8,-8,0,-8]} 1. d4 Nf6 2. c4 e6 3. Nf3 b6 4. g3 Bb4+ 5. Bd2 Be7 6. Bg2 c6 7. O-O O-O 8. Qc2 d5 9. Rd1 Nbd7 10. Bf4 Bb7 11. Ne5 Nh5 {E08: Closed Catalan: Main Line: 7 Qc2} 12. Bc1 $146 {LiveBook: 34 Games} f5 13. cxd5 cxd5 {White is slightly better.} 14. Nc6 Qe8 15. Nxe7+ Qxe7 16. b3 Rfc8 17. Qd2 Nhf6 18. a4 Nb8 19. Ba3 Qd7 20. Nc3 Ne4 21. Bxe4 dxe4 22. d5 Rd8 {[%cal Rb7d5]} 23. d6 Qf7 24. Nb5 Nd7 25. Rac1 a6 26. Nc7 Rac8 27. Rc3 (27. a5 $14) 27... h6 $11 28. b4 e5 29. f4 (29. e3 $11) 29... exf3 $15 30. exf3 e4 (30... f4 $1 $17 31. gxf4 exf4) 31. fxe4 (31. f4 $11) 31... Bxe4 (31... Nf6 $1 $17 {[%cal Rf6e4]} 32. Nd5 (32. e5 $2 Ne4 $19) 32... Rxc3 33. Qxc3 Nxd5 34. exd5 Rxd6) 32. Qd4 $11 Kh7 33. Bb2 a5 ({Black should play} 33... Nf6 $15) 34. bxa5 (34. Ne6 $5 Rg8 35. Rc7 $16) 34... bxa5 {[#]} 35. Ne6 $1 {[%mdl 512]} Rg8 {[%cal Bd8g8,Bg8c8,Bc8c4,Bc4c2,Bc2b2][%mdl 32]} (35... Qxe6 36. Rxc8) 36. Rxc8 Rxc8 37. Nxg7 $2 (37. Qxg7+ $11 {and White is okay.} Qxg7 38. Bxg7) 37... Rc4 $1 $19 {[%cal Rc4d4]} 38. Qf2 Rc2 $1 {[%cal Rc2f2]} 39. Rd2 {[#]} Rxb2 $1 {[%mdl 512]} 40. Rxb2 {And now Nxf5 would win.} Qxg7 41. Re2 Qa1+ 42. Re1 Qxa4 43. g4 Ne5 $1 {[%cal Re5f3]} 44. Qa7+ Kg6 45. d7 Nxd7 ({Weaker is} 45... Qxd7 46. Qxd7 Nxd7 47. gxf5+ Kxf5 48. Ra1 $17) 46. gxf5+ Bxf5 47. Qe3 Nf6 $1 48. Qg3+ Kf7 $1 49. Qc7+ Bd7 50. Qe5 Qg4+ 51. Kf2 (51. Qg3 {was the only chance.}) 51... Qb4 {( -> ...Ng4+)} 52. Rf1 Qd2+ $2 (52... Bh3 53. Qc7+ Kg6 54. Rg1+ Bg4) 53. Kg3 {[#]} Qg5+ $2 (53... Qd3+ $1 $19 54. Rf3 Qg6+ 55. Kf2 a4) 54. Qxg5 $15 hxg5 55. h4 $1 gxh4+ 56. Kxh4 Ke6 $1 {[%cal Re6e5] Threatens to win with ...Ke5.} 57. Kg3 {[#]} a4 (57... Ke5 $1 $17 58. Re1+ Kd4 59. Rd1+ Kc5 60. Rc1+ Kb4 61. Rb1+ Kc3) 58. Kf4 $11 {The position is equal.} Bb5 (58... a3 $5 {[%cal Rf6d5]} 59. Ra1 Kd6 $11) 59. Ra1 Kd5 60. Ke3 Ne4 (60... Kc4 $5 {[%cal Rc4c3]} 61. Kd2 Ne4+ 62. Kc2 Nc5 $19) 61. Rd1+ Ke5 62. Rh1 Ng3 63. Rg1 Ne4 64. Rh1 Nf6 {White must now prevent ...Kd5.} (64... Bd7 {seems wilder.} 65. Rc1 Nd6 66. Rc5+ Ke6 67. Kd4 Ke7) 65. Kd2 Kd4 66. Rh4+ Kc5 {Strongly threatening ...Nd5.} 67. Kc3 Nd5+ (67... Nd7 $5) 68. Kb2 Ne3 {Hoping for ...Be8.} (68... a3+ $5 69. Kxa3 Nf6 $11) 69. Ka3 Nc2+ 70. Kb2 Ne3 {aiming for ...Bc6.} 71. Ka3 {Precision: White = 64%, Black = 50%.} 1/2-1/2

[Event "NOR-ch Elite 2017"]
[Site "Stavanger"]
[Date "2017.07.07"]
[Round "8"]
[White "Lie, Kjetil A"]
[Black "Arvola, Benjamin"]
[Result "1-0"]
[WhiteElo "2539"]
[BlackElo "2469"]
[Annotator "TA"]
[PlyCount "69"]
[EventDate "2017.??.??"]
[EventType "swiss"]
[EventCountry "NOR"]
[SourceTitle "playchess.com"]
[Source "ChessBase"]
[SourceQuality "1"]

{[%evp 11,69,0,10,16,33,27,22,21,16,0,0,0,0,0,0,0,0,0,0,0,0,0,0,-209,-210,-209,-207,-159,-154,-206,-191,-202,-184,-183,0,0,0,0,18,0,0,0,852,838,1343,1128,2512,2480,1538,1442,2183,2103,5110,5106,5085,4132,29984,29985,29983,29983]} 1. d4 Nf6 2. Bf4 e6 3. e3 c5 4. Nf3 d5 5. Nbd2 Nc6 6. c3 cxd4 7. exd4 {D02: 1 d4 d5 2 Nf3 sidelines, including 2...Nf6 3 g3 and 2...Nf6 3 Bf4} Nh5 8. Be3 Bd6 9. Ne5 {The position is equal.} g6 10. g4 {And now Nxc6 would win.} Ng7 11. h4 Nxe5 12. dxe5 Bxe5 13. Nf3 Bf6 14. h5 {Threatens to win with h6.} O-O {[#]} 15. Qd2 $146 d4 $1 $36 {[%cal Rd4e3][%mdl 2048] Black has good play.} 16. Bxd4 e5 $1 {[%cal Be6e5,Be5d4,Bd4c3][%mdl 32]} 17. hxg6 $2 (17. Nxe5 $11 {and White stays safe.} Qd5 18. hxg6 Qxh1 19. gxf7+ Rxf7 20. Nxf7 Qe4+ 21. Be2 Kxf7 22. f3) 17... exd4 $19 18. O-O-O {[#] Hoping for Qh6.} dxc3 $1 (18... fxg6 19. Qh6 $17) 19. gxf7+ Kxf7 20. Bc4+ Be6 21. Bxe6+ Nxe6 22. Qc2 {[#]} Qc7 $2 ({Stronger than} 22... cxb2+ 23. Kb1 $16) ({Better is} 22... Qb6 $1 $19 {[%cal Rb6b2]} 23. bxc3 Qc6 24. Rxh7+ Kg8 25. Qg6+ Ng7) 23. Rxh7+ $11 Ng7 $1 24. Qb3+ Ke8 {Strongly threatening ...Qf4+.} (24... Kg6 $5 25. Qc2+ $8 Kf7 26. Qb3+ Kg6 27. Qc2+ Kf7 $11) 25. Qb5+ (25. Qd5 $5 {[%cal Rd1e1]} Rd8 26. Re1+ Be7 27. Qb5+ Rd7 28. Rxg7 Qf4+ 29. Kb1 $11) 25... Qc6 26. Qe2+ Kf7 $2 {[%mdl 8192]} (26... Qe6 $11 27. Qb5+ Qc6 28. Qe2+ Ne6) 27. Ne5+ $18 Bxe5 28. Qxe5 {[%csl Ge5][%cal Rh7g7]} cxb2+ 29. Kxb2 {[%csl Ge5][%cal Rh7g7]} Rg8 30. Rd6 Qxd6 31. Qxd6 Rae8 32. g5 {[%csl Gd6][%cal Bg4g5,Bg5g6][%mdl 32]} Re2+ 33. Kb3 {Threatening mate with g6+.} Ke8 34. Qb8+ Kf7 {[#]} 35. g6+ $1 {Precision: White = 74%, Black = 49%.} 1-0

[Event "NOR-ch Elite 2017"]
[Site "Stavanger"]
[Date "2017.07.07"]
[Round "8"]
[White "Christiansen, Johan-Sebastian"]
[Black "Tari, Aryan"]
[Result "1/2-1/2"]
[WhiteElo "2471"]
[BlackElo "2595"]
[Annotator "TA"]
[PlyCount "40"]
[EventDate "2017.??.??"]
[EventType "swiss"]
[EventCountry "NOR"]
[SourceTitle "playchess.com"]
[Source "ChessBase"]
[SourceQuality "1"]

{[%evp 16,40,5,38,45,49,36,43,55,17,57,54,107,69,80,82,79,32,36,40,31,0,44,0,52,0,56]} 1. c4 e5 2. g3 Nf6 3. Bg2 c6 4. Nc3 d5 5. cxd5 cxd5 6. Qb3 Nc6 {[%cal Bb8c6,Bc6d4,Bd4c2][%mdl 32]} 7. Nxd5 Nd4 8. Nxf6+ gxf6 9. Qd1 Bf5 {A23: English Opening: 1...e5 2 Nc3 Nf6 3 g3 c6} (9... Qc7 10. Kf1 Be6 11. b3 O-O-O 12. d3 Kb8 13. Bb2 Bh6 14. e3 Nf5 15. Qe2 Bd7 16. Nf3 Bb5 17. Ne1 Qb6 18. Rd1 Rhg8 19. Bc1 Nd6 20. Kg1 f5 {½-½ (20) Bezold,M (2502)-Erdos,V (2585) Germany 2017}) 10. d3 Rc8 {[#] Hoping for ...Nc2+.} 11. Kf1 Qb6 {White is slightly better.} 12. Nf3 Nc2 13. Rb1 Qa6 $146 (13... Be6 $14) ({Predecessor:} 13... Be6 14. b3 Nb4 15. Be3 Qa5 16. a4 Nd5 17. Bd2 {½-½ (63) Gochev,P (1961)-Janev,P (2257) Albena 2014}) 14. b3 Nb4 {[%cal Rb4d3]} 15. Nh4 Be6 16. Bd2 Qxa2 17. Ra1 Qb2 $1 18. Rb1 Qa2 $1 19. Ra1 Qb2 $1 20. Rb1 Qa2 $1 {Precision: White = 44%, Black = 68%.} 1/2-1/2

[Event "NOR-ch Elite 2017"]
[Site "Stavanger"]
[Date "2017.07.07"]
[Round "8"]
[White "Lie, Espen"]
[Black "Fossan, Erik"]
[Result "1-0"]
[WhiteElo "2462"]
[BlackElo "2342"]
[Annotator "TA"]
[PlyCount "57"]
[EventDate "2017.??.??"]
[EventType "swiss"]
[EventCountry "NOR"]
[SourceTitle "playchess.com"]
[Source "ChessBase"]
[SourceQuality "1"]

{[%evp 12,57,-2,-25,-1,0,10,-5,-14,-27,-28,-43,-43,-52,0,0,0,-6,0,0,20,23,20,20,24,0,78,81,58,27,33,26,39,34,29,24,24,16,35,27,48,28,37,33,56,51,461,454]} 1. Nf3 c5 2. g3 Nc6 3. Bg2 g6 4. O-O Bg7 5. d3 Nf6 6. Nc3 O-O 7. a3 Rb8 {A05: Réti Opening: 1 Nf3 Nf6} (7... d5 8. Rb1 b6 9. b4 cxb4 10. axb4 Bb7 11. b5 Nb8 12. Na2 Nfd7 13. Bb2 Bxb2 14. Rxb2 a5 15. bxa6 Nxa6 16. d4 {½-½ (46) Zhao,J (2578)-Swiercz,D (2616) Doha 2014}) 8. e4 d6 9. h3 b5 {The position is equal.} 10. Re1 Nd7 11. Nd5 $146 ({Predecessor:} 11. Rb1 a5 12. Bg5 b4 13. axb4 axb4 14. Nd5 h6 15. Bd2 Kh7 16. c3 {½-½ (44) Maiwald,J (2483)-Kuraszkiewicz,M (2325) Germany 2010}) 11... a5 12. c3 b4 (12... e6 $15 13. Ne3 Nde5) 13. axb4 $11 axb4 14. d4 (14. Bg5 {feels hotter.} h6 15. Bd2 Nde5 16. Nxe5 Nxe5 17. Qc2) 14... bxc3 15. bxc3 cxd4 16. cxd4 Nb6 17. Nxb6 Rxb6 18. Bg5 h6 (18... Bd7 $11 {remains equal.}) 19. Be3 $16 d5 20. e5 Be6 21. Qd2 Kh7 22. Rec1 Qd7 23. Kh2 $36 {[%mdl 2048] White has some pressure.} Rfb8 24. Ne1 Nb4 25. Ra5 Rb5 26. Rxb5 Rxb5 27. Bf1 Rb7 28. Rb1 Bf5 $2 {[%mdl 8192] [#]} (28... Nc6 $14 29. Rxb7 Qxb7) 29. Rxb4 {Precision: White = 43%, Black = 45%.} 1-0

[Event "NOR-ch Elite 2017"]
[Site "Stavanger"]
[Date "2017.07.07"]
[Round "8"]
[White "Hauge, Lars Oskar"]
[Black "Gronn, Atle"]
[Result "1/2-1/2"]
[WhiteElo "2439"]
[BlackElo "2331"]
[Annotator "TA"]
[PlyCount "86"]
[EventDate "2017.??.??"]
[EventType "swiss"]
[EventCountry "NOR"]
[SourceTitle "playchess.com"]
[Source "ChessBase"]
[SourceQuality "1"]

{[%evp 20,86,49,18,18,11,33,-12,-7,0,0,-1,0,5,37,41,50,35,81,0,0,-5,0,0,0,-11,-5,-12,2,2,2,-21,0,0,0,0,0,0,0,0,0,0,0,0,0,0,0,0,0,0,0,0,0,0,0,0,0,0,0,0,0,0,0,0,0,0,0,0,0]} 1. e4 g6 2. d4 Bg7 3. Nf3 d6 4. Nc3 a6 5. a4 b6 6. Bc4 e6 7. O-O Ne7 8. Re1 Bb7 {B06: Modern Defence} 9. Bf4 Nd7 10. Qd2 h6 11. h4 {LiveBook: 6 Games} (11. h3 Qb8 12. b4 Kf8 13. Bb3 g5 14. Bg3 Nf6 15. h4 Nh5 16. hxg5 Nxg3 17. fxg3 c5 18. bxc5 dxc5 19. e5 Bxf3 20. gxf3 Nf5 21. Ne2 {½-½ (21) Petrov,M (2475)-Fernandez,D (2450) Crawley 2016}) 11... Nf6 12. e5 Nfd5 $146 ({Predecessor:} 12... dxe5 13. Nxe5 Nfd5 14. Rad1 Nxf4 15. Qxf4 {0-1 (33) Pranizina,A (1867)-Saunina,L (2195) Satka 2013}) 13. Bh2 (13. Bxd5 $5 Nxd5 14. a5 $11) 13... Nxc3 14. Qxc3 O-O $1 15. Rad1 Nf5 16. h5 Bxf3 17. Qxf3 {aiming for d5.} d5 18. Bd3 Qg5 19. Bxf5 (19. c3 $16) 19... Qxf5 $11 {The position is equal.} 20. Qxf5 gxf5 21. Bf4 Rfc8 22. c3 c5 23. Be3 c4 24. Ra1 b5 25. Ra2 Rcb8 (25... b4 $5) 26. axb5 axb5 27. Rea1 Rxa2 28. Rxa2 {[%mdl 4096] Endgame KRB-KRB} b4 29. Bd2 bxc3 30. Bxc3 Bf8 31. Ra4 Be7 32. Kf1 Kg7 33. Ke2 Rb7 34. f4 f6 35. Kd2 fxe5 36. fxe5 Bg5+ 37. Ke2 Be7 38. Kd1 Bg5 39. Ke2 Be7 40. Kd1 Kf7 41. Kd2 Bg5+ 42. Ke2 Be7 43. Kd1 Bg5 {Precision: White = 72%, Black = 65%.} 1/2-1/2

[Event "NOR-ch Elite 2017"]
[Site "Stavanger"]
[Date "2017.07.07"]
[Round "8"]
[White "Mihajlov, Sebastian"]
[Black "Machlik, Endre"]
[Result "1-0"]
[WhiteElo "2414"]
[BlackElo "2157"]
[Annotator "TA"]
[PlyCount "75"]
[EventDate "2017.??.??"]
[EventType "swiss"]
[EventCountry "NOR"]
[SourceTitle "playchess.com"]
[Source "ChessBase"]
[SourceQuality "1"]

{[%evp 10,75,13,14,55,22,33,25,17,22,20,12,14,18,14,0,34,56,46,45,67,0,0,0,0,0,0,0,0,10,7,0,0,0,0,-23,-16,-97,-80,-89,-84,-77,0,0,0,0,0,0,0,-26,-13,-29,0,0,66,43,253,230,275,254,837,552,546,544,538,529,491,500]} 1. d4 d5 2. Nf3 Nf6 3. c4 c6 4. e3 Bf5 5. Nc3 a6 6. Qb3 {LiveBook: 239 Games} b6 {D15: Slav Defence: 4 Nc3 a6 and gambit lines after 4 Nc3 dxc4} (6... b5 7. c5 a5 8. Ne5 g6 9. Nxb5 a4 10. Qb4 Nfd7 11. Nc3 Nxe5 12. dxe5 Nd7 13. Nxa4 Nxe5 14. Bd2 Nd7 15. Be2 {½-½ (15) Ragger,M (2680)-Fressinet,L (2668) Chartres 2017}) 7. Be2 h6 $146 ({Predecessor:} 7... e6 8. O-O Bd6 9. Bd2 O-O 10. Rfd1 dxc4 11. Bxc4 b5 12. Be2 Nbd7 13. a4 b4 14. Na2 a5 15. h3 Ne4 16. Be1 Qe7 17. Nc1 e5 18. Nd3 Ng5 19. Ndxe5 Bxe5 20. Nxe5 Nxe5 21. dxe5 {Laketic,G (2451)-Carini,M (2141) Padova 2008}) 8. O-O e6 {White has an edge.} 9. Ne5 Bd6 10. cxd5 cxd5 11. Bd2 O-O 12. f4 Ne4 13. Nxe4 Bxe4 14. Rac1 b5 15. a4 (15. Bb4 $14) 15... b4 $11 16. Bd3 (16. Bxb4 Qb6 $17) 16... Bxd3 17. Qxd3 Nd7 18. Rc6 Nb8 {[#] Strongly threatening ...Bxe5.} 19. Rc2 Nd7 20. Nxd7 Qxd7 21. b3 a5 22. f5 Rac8 23. f6 (23. Rxc8 $11 Rxc8 24. e4) 23... Rxc2 $17 24. Qxc2 Rc8 25. Qd3 e5 (25... g6 $17) 26. fxg7 $11 e4 27. Qe2 Rc2 28. Qh5 Qe6 29. Qd1 Rc6 30. Be1 Qg6 31. Bh4 Bb8 ({Black should try} 31... Bc7 $11) 32. Qe2 $36 {[%mdl 2048] aiming for Qb5. Black is under pressure.} Kxg7 $2 {[#]} ({Better is} 32... Rb6 $14) 33. Qb5 $1 $18 {[%cal Rb5b8]} Rc2 {[%csl Gc2][%cal Rg6g2]} 34. g3 Qd6 $2 (34... Bd6 35. Qxd5 (35. Qxa5 Qe6 $16) 35... Qe6 36. Bf6+ (36. Qxa5 Qh3 $11) 36... Kg8) 35. Qe8 {White is clearly winning.} Qf8 36. Qd7 Bd6 37. Bf6+ Kg8 38. Qg4+ {Precision: White = 63%, Black = 44%.} 1-0

[Event "NOR-ch Elite 2017"]
[Site "Stavanger"]
[Date "2017.07.07"]
[Round "8"]
[White "Kaasen, Tor Fredrik"]
[Black "Tryggestad, Andreas Garberg"]
[Result "1-0"]
[WhiteElo "2409"]
[BlackElo "2324"]
[Annotator "TA"]
[PlyCount "79"]
[EventDate "2017.??.??"]
[EventType "swiss"]
[EventCountry "NOR"]
[SourceTitle "playchess.com"]
[Source "ChessBase"]
[SourceQuality "1"]

{[%evp 20,79,28,11,50,0,2,2,45,50,62,50,50,33,23,22,26,17,87,86,83,82,75,0,18,16,15,12,449,441,912,941,934,437,818,931,1393,1441,1441,1446,1566,1588,1313,1275,1186,1138,2081,1442,29976,29977,29977,29978,29982,29983,29983,29984,29984,29985,29985,29986,29973,29977]} 1. c4 Nf6 2. g3 g6 3. Bg2 d5 4. cxd5 Nxd5 5. Nc3 Nb6 6. Nf3 Bg7 7. O-O O-O 8. d3 Nc6 9. Be3 e5 10. Rc1 h6 {A16: English Opening: 1...Nf6 with ...d5} 11. b4 {LiveBook: 5 Games} Be6 $146 ({Predecessor:} 11... Nd4 12. Nd2 c6 13. Nde4 a5 14. b5 f5 15. Nc5 f4 16. Bxd4 exd4 17. bxc6 bxc6 18. N3a4 {1-0 (46) Socko,B (2635)-Gajewski,G (2616) Stockholm 2012}) 12. Qd2 Kh7 $1 {The position is equal.} 13. h4 Qc8 14. h5 g5 15. d4 {[%cal Bd3d4,Bd4d5][%mdl 32] Threatens to win with d5.} Rd8 {[%cal Re5d4]} 16. d5 $1 {[%cal Rd5c6]} Nxb4 {[%cal Rb6d5]} 17. Bxg5 $1 hxg5 18. Nxg5+ Kg8 (18... Kh8 $1 $11 {remains equal.}) 19. Nxe6 $16 Qxe6 20. dxe6 Rxd2 {[#]} 21. Bxb7 ({White should play} 21. Ne4 $1 $16 Rxe2 22. exf7+ Kxf7 23. Rxc7+ Kg8 24. Rxb7) 21... Rad8 22. Ne4 Rxe2 23. h6 {[%cal Bh5h6,Bh6h7][%mdl 32]} Bh8 $2 {[%mdl 8192] [#]} ({But not} 23... Bxh6 $2 24. e7 $18) (23... c6 $11 24. Nc3 Red2) 24. Ng5 $1 $18 f6 (24... fxe6 $142 25. h7+ Kg7) 25. Rxc7 {Intending Rf7 and mate.} fxg5 26. h7+ Kf8 27. Bf3 Nc8 28. Rf7+ Ke8 29. Bxe2 {White wants to mate with Bb5+.} Nd6 30. Rxa7 {Threatening mate with Bh5+.} Nc6 31. Rc7 Ne7 32. Rd1 Rc8 33. Ra7 Rc6 {[#]} 34. Rxd6 $1 {[%mdl 512] White mates.} Rxd6 35. Ra8+ Rd8 36. Bb5+ Nc6 37. Bxc6+ Ke7 38. Rxd8 Kxd8 39. a4 {[%cal Ba2a4,Ba4a5][%mdl 32]} Ke7 40. a5 {Precision: White = 87%, Black = 20%.} 1-0

[Event "NOR-ch Elite 2017"]
[Site "Stavanger"]
[Date "2017.07.07"]
[Round "8"]
[White "Haldorsen, Benjamin"]
[Black "Gandrud, Vegar Koi"]
[Result "1-0"]
[WhiteElo "2370"]
[BlackElo "2330"]
[Annotator "TA"]
[PlyCount "85"]
[EventDate "2017.??.??"]
[EventType "swiss"]
[EventCountry "NOR"]
[SourceTitle "playchess.com"]
[Source "ChessBase"]
[SourceQuality "1"]

{[%evp 17,85,0,4,-2,28,0,9,-5,0,-15,0,-1,0,-6,0,-4,0,-35,17,15,20,9,14,12,12,5,65,71,62,54,68,54,85,75,277,81,133,100,129,120,294,281,276,288,388,386,380,379,358,349,450,436,1145,1136,1143,1137,1100,1049,12838,12839,29961,12842,12842,12843,12843,12843,12844,12844,29997,206]} 1. e4 e5 2. Nf3 Nc6 3. d4 exd4 4. Nxd4 Nf6 5. Nc3 Bb4 6. Nxc6 bxc6 7. Bd3 d5 8. exd5 cxd5 9. O-O O-O 10. h3 {C47: Scotch Four Knights and Four Knights with 4 g3} h6 (10... c6 11. Qf3 Re8 12. Bf4 Bd6 13. Rfe1 Be6 14. Ne2 Qc7 15. Rad1 Rab8 16. b3 Bd7 17. Bxd6 Qxd6 {½-½ (36) Saric,I (2618)-Rodshtein,M (2698) Minsk 2017}) 11. Qf3 (11. a3 $5 {[%cal Ra3b4]} Bxc3 12. bxc3 $11) 11... c6 12. Ne2 {[%cal Bc3e2,Be2d4,Bd4f5][%mdl 32] The position is equal.} Re8 13. Nd4 Bd7 14. Nf5 Bf8 $146 (14... Bxf5 $5 15. Qxf5 Bd6 $11) ({Predecessor:} 14... Ne4 15. c4 Re6 16. cxd5 cxd5 17. Be3 Qf8 {1-0 (28) Shvayger,Y (2323)-Goettelmann,G (2097) Basel 2015}) 15. c4 Ne4 16. cxd5 cxd5 17. Rd1 Qc8 (17... Qb6 $15) 18. Ng3 $11 {[%cal Rg3e4]} Nxg3 19. Qxg3 Qb8 20. Bf4 Qxb2 21. Bxh6 g6 (21... Bc5 $11) 22. Bxf8 $14 Rxf8 23. h4 Qg7 24. Rac1 Be6 25. Re1 d4 $2 {[#]} (25... Rac8 $16 {was called for.}) 26. a4 $2 (26. Rc5 $1 $18 {and the rest is easy.}) 26... Rfe8 (26... Rfc8 $142) 27. Qg5 Bd7 28. a5 Re6 $2 (28... Rad8 $16 {is a better defense.} 29. a6 Bf5 30. Rxe8+ (30. Bxf5 gxf5 31. Rxe8+ Rxe8 $16) 30... Rxe8 31. Bxf5 gxf5) 29. Rxe6 $18 Bxe6 30. Rc7 Qf8 {[#]} 31. Bxg6 $1 {[%mdl 512]} Qg7 (31... fxg6 32. Qxg6+) 32. h5 d3 33. Qe3 Qa1+ 34. Rc1 Qxa5 (34... Qf6 $142 35. Bxd3 Rd8) 35. Bxd3 Qxh5 36. Rc5 Qd1+ 37. Kh2 {White threatens Rg5+ and mate.} Rc8 38. Qg3+ Kf8 39. Qd6+ Kg7 40. Rg5+ Kf6 41. Rf5+ Kg7 42. Qe5+ Kg8 43. Rg5+ {Precision: White = 70%, Black = 17%.} 1-0

[Event "NOR-ch Elite 2017"]
[Site "Stavanger"]
[Date "2017.07.07"]
[Round "8"]
[White "Haug, Johannes"]
[Black "Holm, Kristian Stuvik"]
[Result "0-1"]
[WhiteElo "2328"]
[BlackElo "2403"]
[Annotator "TA"]
[PlyCount "78"]
[EventDate "2017.??.??"]
[EventType "swiss"]
[EventCountry "NOR"]
[SourceTitle "playchess.com"]
[Source "ChessBase"]
[SourceQuality "1"]

{[%evp 21,78,5,22,14,35,-18,-15,-10,-8,-14,-19,-37,-11,-19,0,0,0,0,2,0,0,-13,-12,-27,-10,-25,-22,-26,0,0,0,0,0,0,0,0,0,0,0,0,0,0,0,0,0,0,0,-77,-84,-1426,0,-1986,-1828,-1298,-1301,-29995,-29996,-29996,-29997]} 1. d4 d5 2. c4 e6 3. Nf3 Nf6 4. Nc3 c6 5. e3 Nbd7 6. Qc2 Bd6 7. Bd3 O-O 8. O-O dxc4 9. Bxc4 b5 10. Be2 Bb7 11. e4 e5 12. dxe5 {D46: Semi-Slav: 5 e3 Nbd7 6 Bd3, Black avoids the Meran} Nxe5 13. Nxe5 ({White should try} 13. Nh4 $14) (13. Nh4 Bc8 14. h3 Ng6 15. Nf5 Bxf5 16. exf5 Nf4 17. Bf3 Rc8 18. Rd1 Qe7 19. Be3 Rfd8 {1-0 (56) Aronian,L (2793)-Giri,A (2771) Leuven 2017}) 13... Bxe5 $11 14. Be3 {The position is equal.} Re8 15. Bf3 a6 16. Rfe1 Qc7 (16... c5 $5) 17. g3 c5 18. Nd5 Nxd5 19. exd5 c4 20. Rad1 $146 {Strongly threatening d6!} Qd6 21. Kg2 Rac8 22. a3 a5 23. Bc1 h6 24. Qe2 Rc7 25. Bf4 {[%cal Rf4e5]} Rce7 26. Bxe5 Rxe5 27. Qd2 $1 Rxe1 28. Rxe1 Rxe1 29. Qxe1 {Qe8+ is the strong threat.} Bxd5 30. Qe8+ Kh7 {And now ...Bxf3+ would win.} 31. Qxb5 Bxf3+ 32. Kxf3 {[%mdl 4096] Endgame KQ-KQ} Qd3+ 33. Kg2 Qe4+ 34. Kh3 (34. Kf1 $11) 34... g5 $1 $17 {[%cal Bg7g5,Bg5g4][%mdl 32]} 35. Qb6 $2 {[%mdl 8192] [#]} (35. Qxa5 Kg6 $15) (35. f4 $17) 35... g4+ $1 $19 36. Kh4 Qf5 {[%csl Gh6][%cal Rf5g5]} 37. Qd8 {[#]} a4 $1 38. Qe7 Kg6 {[%csl Gg6][%cal Rf5h5]} 39. Qd6+ f6 {Precision: White = 32%, Black = 75%.} 0-1

[Event "NOR-ch Elite 2017"]
[Site "Stavanger"]
[Date "2017.07.07"]
[Round "8"]
[White "Risting, Eivind Olav"]
[Black "Moen, Andreas"]
[Result "1/2-1/2"]
[WhiteElo "2307"]
[BlackElo "2329"]
[Annotator "TA"]
[PlyCount "93"]
[EventDate "2017.??.??"]
[EventType "swiss"]
[EventCountry "NOR"]
[SourceTitle "playchess.com"]
[Source "ChessBase"]
[SourceQuality "1"]

{[%evp 9,93,-7,5,-1,43,35,42,16,33,-114,46,49,49,40,43,28,82,78,74,75,106,109,120,114,119,117,147,144,171,164,174,150,162,164,166,170,136,76,70,52,57,-20,-22,-34,16,19,19,25,35,0,0,-33,35,35,35,35,29,11,18,18,78,78,48,0,0,0,0,0,0,0,0,0,0,0,8,0,0,0,0,0,0,0,0,0,0,0]} 1. d4 Nf6 2. c4 c6 3. Nc3 d5 4. cxd5 cxd5 5. f3 {[%cal Bf2f3,Bf3f4][%mdl 32]} (5. Bf4 e6 6. e3 Bd6 7. Bxd6 Qxd6 8. Bd3 O-O 9. f4 b6 10. Qe2 a5 11. Nf3 Ba6 12. Bxa6 Nxa6 13. Rc1 Nc7 14. O-O Rfc8 15. Rc2 Nce8 {½-½ (53) So,W (2822)-Kamsky,G (2659) Saint Louis 2017}) 5... Nc6 6. e4 {D10: Slav Defence: 3 cxd5 (without early Nf3) and 3 Nc3} e5 $146 ({Predecessor:} 6... dxe4 7. d5 Ne5 8. fxe4 e6 9. Nf3 Nxf3+ 10. Qxf3 Qb6 11. Bb5+ Bd7 12. Be3 Bc5 13. Bxc5 Qxc5 14. Bxd7+ Nxd7 {½-½ (41) Christiansen,J (2429)-Prohaszka,P (2592) Fagernes 2017}) 7. dxe5 Nxe5 8. f4 {White is slightly better.} Nc6 {...d4 is the strong threat.} 9. e5 (9. exd5 $14 {was the only good move.} Nb4 10. Bb5+ Bd7 11. d6) 9... Ne4 $2 (9... Ng4 $17 10. Qxd5 Qb6) 10. Nxe4 $1 $14 dxe4 11. Qxd8+ Nxd8 12. Be3 Bb4+ (12... Nc6 $11 {keeps the balance.}) 13. Kf2 $16 O-O 14. Ne2 {[%cal Bg1e2,Be2g3,Bg3f5,Bf5d6][%mdl 32]} Ne6 15. Ng3 b6 16. a3 {[%cal Ba2a3,Ba3b4,Bb4b5][%mdl 32]} Be7 17. Nf5 Bc5 {[#]} 18. b4 $1 {[%cal Rb4c5]} Nc7 19. Bxc5 ({But not} 19. bxc5 $6 Bxf5 20. Rc1 (20. cxb6 axb6 21. a4 Be6 $14) 20... bxc5 $16) 19... bxc5 20. Nd6 cxb4 21. axb4 Nd5 {[#]} 22. b5 $1 Nxf4 23. Ke3 (23. b6 $142 $1) 23... Nd5+ 24. Kxe4 Nb6 25. Nxc8 (25. Bd3 $14) 25... Rfxc8 $11 26. Bd3 Kf8 27. Rhc1 Rxc1 28. Rxc1 {[%mdl 4096] Endgame KRB-KRN} Re8 29. Kf4 h6 30. Be4 (30. Rc5 {is interesting.} Nd7 31. Rd5 Nb6 32. Rd6 Rc8 33. Rc6) 30... Rc8 (30... g5+ $15 31. Kg4 Rxe5) 31. Rxc8+ $14 Nxc8 {KB-KN} 32. Bf5 Nb6 33. Ke4 Ke7 34. Kd4 Kd8 (34... f6 $11 {remains equal.}) 35. Kc5 $16 Kc7 36. e6 fxe6 {The position is equal.} 37. Bxe6 Nd7+ 38. Kd5 Nf6+ 39. Ke5 Kb6 40. Kf5 {Black should prevent Kg6.} Kxb5 {With the idea ...Nh7.} 41. Kg6 {aiming for g4.} Kc5 42. Ba2 (42. g4 $5 {[%cal Rg6g7]} Kd6 43. Bf5 $11) 42... h5 43. Kxg7 Ng4 44. Kg6 Nxh2 45. Kxh5 a5 46. g4 Nxg4 47. Kxg4 {Precision: White = 67%, Black = 59%.} 1/2-1/2